[Event "Xtracon Chess Open 2016"]
[Site "Elsinore"]
[Date "2016.07.31"]
[Round "10.104"]
[White "Kyrkjebo, Marte Bakken"]
[Black "Higgs, Joshua"]
[Result "1-0"]
[WhiteElo "1860"]
[BlackElo "2003"]
[PlyCount "91"]
[EventDate "2016.07.23"]

1. e4 d5 2. exd5 Qxd5 3. Nc3 Qd8 4. d4 Nf6 5. Bc4 a6 6. Nf3 b5 7. Bb3 Bb7 8. h3
e6 9. Be3 Nbd7 10. a3 Be7 11. O-O O-O 12. Qe2 Nb6 13. Rad1 Nbd5 14. Nxd5 Nxd5
15. Bc1 Bd6 16. c3 Bf4 17. Bxd5 Bxd5 18. Bxf4 Bc4 19. Qc2 Bxf1 20. Kxf1 h6 21.
Ne5 Qd5 22. Nd3 Qc4 23. b3 Qc6 24. Nc5 Rfd8 25. Qe2 Rd5 26. Qf3 Qb6 27. Qg3 Kh7
28. Bxc7 Qc6 29. Bf4 Rad8 30. Re1 a5 31. Qf3 Qb6 32. Be3 Kg8 33. Qg4 Kh8 34.
Qe4 Qc6 35. Qc2 Rh5 36. Kg1 e5 37. Qe4 Rd5 38. Qg4 exd4 39. cxd4 Rhf5 40. f3
Rf6 41. Qe4 Rg6 42. Bf2 Qd6 43. Qe8+ Kh7 44. Qxf7 Rdg5 45. g4 Qc6 46. Ne6 1-0

[Event "Xtracon Chess Open 2016"]
[Site "Elsinore"]
[Date "2016.07.31"]
[Round "10.105"]
[White "Fridthjofsdottir, Sigurl. Regina"]
[Black "Schmied, Andreas"]
[Result "0-1"]
[WhiteElo "1815"]
[BlackElo "1995"]
[PlyCount "68"]
[EventDate "2016.07.23"]

1. e4 e5 2. Nf3 Nc6 3. Bb5 a6 4. Bxc6 dxc6 5. O-O Bg4 6. h3 h5 7. d3 Qf6 8. Be3
Bxf3 9. Qxf3 Qxf3 10. gxf3 Bd6 11. Nc3 Ne7 12. d4 f6 13. Rfd1 Ng6 14. Ne2 O-O-O
15. c3 Rde8 16. Kf1 Nh4 17. Ng1 Rhg8 18. d5 cxd5 19. Rxd5 g5 20. Rad1 Rd8 21.
c4 Be7 22. Rxd8+ Rxd8 23. Rxd8+ Kxd8 24. Ke2 Kd7 25. Kd3 Kc6 26. a3 a5 27. Bd2
a4 28. Ne2 Nxf3 29. Nc3 Ng1 30. Nd5 Bd8 31. h4 gxh4 32. f4 h3 33. fxe5 fxe5 34.
b4 axb3 0-1

[Event "Xtracon Chess Open 2016"]
[Site "Elsinore"]
[Date "2016.07.31"]
[Round "10.106"]
[White "Kyrkjebo, Hanna Bakken"]
[Black "Rolstad, Morten"]
[Result "1-0"]
[WhiteElo "1987"]
[BlackElo "1720"]
[PlyCount "125"]
[EventDate "2016.07.23"]

1. e4 e5 2. Nf3 Nc6 3. Nc3 Nf6 4. a3 Bc5 5. Nxe5 Nxe5 6. d4 Bd6 7. f4 Ng6 8. e5
Qe7 9. Be2 a6 10. O-O O-O 11. exd6 Qxd6 12. g3 Re8 13. Bf3 c6 14. f5 Nf8 15.
Bf4 Qe7 16. Qd2 d5 17. Rae1 Qd8 18. g4 h6 19. Kh1 Ra7 20. Rg1 Rxe1 21. Qxe1
N6h7 22. Qe3 b5 23. Re1 Ng5 24. Bg2 Bd7 25. Qg3 Qb6 26. Qf2 Ra8 27. Na2 Re8 28.
Rxe8 Bxe8 29. Qe3 Qd8 30. Nb4 a5 31. Nd3 Bd7 32. h4 Ngh7 33. Qg3 Qe8 34. Bf3
Nf6 35. Ne5 Ne4 36. Qg2 f6 37. Nd3 Qe7 38. Bxe4 dxe4 39. Nc5 e3 40. Qe2 Qf7 41.
Qxe3 Qc4 42. Qb3 Qxb3 43. Nxb3 a4 44. Na5 Be8 45. Kh2 Kh7 46. Bd6 Kg8 47. Kg3
g5 48. hxg5 hxg5 49. Kf3 Bf7 50. Ke3 Bd5 51. Bxf8 Kxf8 52. Nb7 Ke7 53. Nc5 Kf7
54. b3 axb3 55. cxb3 Ke7 56. a4 bxa4 57. bxa4 Kd6 58. a5 Kc7 59. a6 Kb6 60.
Nd7+ Kxa6 61. Nxf6 Ba2 62. Nh7 Kb7 63. Nxg5 1-0

[Event "Xtracon Chess Open 2016"]
[Site "Elsinore"]
[Date "2016.07.31"]
[Round "10.107"]
[White "Smeby, Ole"]
[Black "Rasmussen, Morten Fredsgaard"]
[Result "1-0"]
[WhiteElo "1847"]
[BlackElo "1972"]
[PlyCount "198"]
[EventDate "2016.07.23"]

1. d4 d5 2. e3 c6 3. Nf3 Nf6 4. Bd3 e6 5. O-O Bd6 6. Nbd2 Nbd7 7. b3 e5 8. e4
dxe4 9. Nxe4 Nxe4 10. Bxe4 exd4 11. Qxd4 Qf6 12. Bb2 Qxd4 13. Bxd4 O-O 14. Rad1
Bc5 15. Bb2 Nb6 16. Ne5 Be6 17. c4 Rad8 18. Bc3 Be7 19. Nd3 Nd7 20. Nf4 Nf6 21.
Rxd8 Rxd8 22. Nxe6 fxe6 23. Bf3 Kf7 24. Re1 Rd3 25. Rc1 Rd7 26. h3 Rd3 27. Kf1
Rd7 28. Ke2 Bd6 29. g4 h6 30. Bd2 Bc5 31. Rc2 Be7 32. Bg2 e5 33. Bc3 Bd6 34.
Rd2 Bc7 35. Rc2 Bd6 36. Ke1 Bc7 37. Re2 Re7 38. Bb4 Re8 39. Bc3 Re7 40. a4 a6
41. b4 Bb8 42. a5 Bc7 43. Rb2 Rd7 44. Ke2 Bb8 45. b5 cxb5 46. cxb5 Bd6 47. bxa6
bxa6 48. Rb6 Ke6 49. Rxa6 Nd5 50. Be1 Nf4+ 51. Kf1 Nxg2 52. Kxg2 Kd5 53. Rb6
Bc5 54. Rb1 Bd4 55. Kf3 Rf7+ 56. Ke2 Rc7 57. Kf3 Rf7+ 58. Kg2 Rc7 59. a6 Ra7
60. Rb7 Rxa6 61. Rxg7 Rf6 62. Rc7 Kd6 63. Rc2 Kd5 64. h4 Ke4 65. Re2+ Kd5 66.
f3 Ke6 67. Re4 Kd5 68. Bf2 Bc3 69. Kg3 Bd2 70. Be3 Bxe3 71. Rxe3 Ra6 72. g5 h5
73. Rb3 Ke6 74. Rb8 Kf5 75. Rf8+ Kg6 76. Rh8 Ra3 77. Kf2 Kf5 78. Rf8+ Kg6 79.
Rf6+ Kg7 80. Rh6 Ra2+ 81. Kg3 Ra3 82. Rxh5 e4 83. Rh6 Rxf3+ 84. Kg4 Kf7 85. Ra6
Rf1 86. Ra3 Kg6 87. h5+ Kg7 88. Ra7+ Kf8 89. Ra4 e3 90. Re4 Rf2 91. Rxe3 Kg7
92. Re7+ Kg8 93. h6 Kh8 94. Kh5 Ra2 95. Re6 Ra8 96. g6 Kg8 97. h7+ Kg7 98. Re7+
Kh8 99. Kh6 Rf8 1-0

[Event "Xtracon Chess Open 2016"]
[Site "Elsinore"]
[Date "2016.07.31"]
[Round "10.108"]
[White "Rasdal, Yngve"]
[Black "Svensson, Lars Ake"]
[Result "1/2-1/2"]
[WhiteElo "1794"]
[BlackElo "1972"]
[PlyCount "36"]
[EventDate "2016.07.23"]

1. d4 f5 2. Nf3 Nf6 3. h3 d6 4. Bf4 g6 5. e3 Bg7 6. Bc4 c6 7. a4 d5 8. Bd3 Ne4
9. h4 e6 10. h5 g5 11. h6 Bf6 12. Be5 O-O 13. Nbd2 Nd7 14. g4 fxg4 15. Bxe4
gxf3 16. Bxf6 Qxf6 17. Bxf3 e5 18. Qe2 e4 1/2-1/2

[Event "Xtracon Chess Open 2016"]
[Site "Elsinore"]
[Date "2016.07.31"]
[Round "10.109"]
[White "Bremer, Erik"]
[Black "Kreken, Eivind Grunt"]
[Result "0-1"]
[WhiteElo "1458"]
[BlackElo "1245"]
[PlyCount "54"]
[EventDate "2016.07.23"]

1. e4 e6 2. d4 d5 3. e5 c5 4. c3 Nc6 5. Nf3 Qb6 6. a3 cxd4 7. cxd4 Nge7 8. Bd3
Nf5 9. b4 Bd7 10. Bc2 a5 11. bxa5 Qxa5+ 12. Nbd2 Ncxd4 13. Nxd4 Nxd4 14. Bb2
Nc6 15. O-O Qc7 16. Re1 Bc5 17. Nf3 Qb6 18. Rb1 Bxf2+ 19. Kh1 Bxe1 20. Qxe1 Qc7
21. Qg3 Ne7 22. Rc1 Bc6 23. Qxg7 Rg8 24. Qxh7 Qb6 25. Bd4 Qb5 26. Rd1 Qe2 27.
Bd3 Qxg2# 0-1

[Event "Xtracon Chess Open 2016"]
[Site "Elsinore"]
[Date "2016.07.31"]
[Round "10.110"]
[White "Nielsen, Angelo"]
[Black "Mehringer, Joerg"]
[Result "0-1"]
[WhiteElo "1747"]
[BlackElo "1966"]
[PlyCount "52"]
[EventDate "2016.07.23"]

1. d4 Nf6 2. Nf3 g6 3. Bf4 Bg7 4. c3 O-O 5. h3 d6 6. Nbd2 c5 7. e3 Bf5 8. g4
Bd7 9. Bd3 cxd4 10. exd4 Bc6 11. Qc2 e5 12. dxe5 dxe5 13. Bg5 Bxf3 14. Nxf3 Qd5
15. Ke2 e4 16. Bxf6 exd3+ 17. Qxd3 Qxd3+ 18. Kxd3 Bxf6 19. g5 Bg7 20. Rad1 Nc6
21. Kc2 Rad8 22. h4 Rxd1 23. Rxd1 Rd8 24. Rxd8+ Nxd8 25. b4 Kf8 26. Kd3 Ke7 0-1

[Event "Xtracon Chess Open 2016"]
[Site "Elsinore"]
[Date "2016.07.31"]
[Round "10.111"]
[White "Nielsen, Morten"]
[Black "van den Brink, Nienke"]
[Result "1-0"]
[WhiteElo "1965"]
[BlackElo "1612"]
[PlyCount "117"]
[EventDate "2016.07.23"]

1. e4 e6 2. d4 d5 3. Nd2 Nf6 4. e5 Nfd7 5. Bd3 c5 6. c3 Nc6 7. Ne2 Be7 8. Nf3
a6 9. h4 b5 10. Nf4 b4 11. Rh3 Qb6 12. Be3 a5 13. Rg3 g6 14. Qd2 Ba6 15. Ng5
Bxg5 16. hxg5 Bxd3 17. Qxd3 c4 18. Qc2 Rb8 19. O-O-O a4 20. cxb4 Qxb4 21. Bd2
Qb5 22. Ne2 Nb4 23. Bxb4 Qxb4 24. Ra3 Nb6 25. Rh1 Ke7 26. Qc3 Qxc3+ 27. Rxc3
Rb7 28. Rh6 Nd7 29. Nf4 Rhb8 30. Rc2 Nf8 31. f3 Rb4 32. Nh3 R4b6 33. Nf2 Ra8
34. a3 Rb3 35. Rh4 Rab8 36. Nd1 R8b7 37. Nc3 Ra7 38. g4 Ra8 39. f4 Ra7 40. Rf2
Ra8 41. Rh3 Rab8 42. Rhf3 Ra8 43. f5 Kd7 44. fxg6 Nxg6 45. Rxf7+ Kc6 46. Rxh7
Rab8 47. Rf6 Nf8 48. Rh8 Rxb2 49. Rfxf8 R8b3 50. Rf7 Rg2 51. Rc8+ Kb6 52. Nxa4+
Ka5 53. Ra8+ Kb5 54. Rb7+ Kc6 55. Rxb3 cxb3 56. Nc5 b2+ 57. Kb1 Rxg4 58. Nxe6
Kd7 59. Ra6 1-0

[Event "Xtracon Chess Open 2016"]
[Site "Elsinore"]
[Date "2016.07.31"]
[Round "10.112"]
[White "Huse, Sigurd Kjelsbol"]
[Black "Kyrkjebo, Eirik"]
[Result "1-0"]
[WhiteElo "1963"]
[BlackElo "1590"]
[PlyCount "87"]
[EventDate "2016.07.23"]

1. e4 e5 2. Nf3 Nc6 3. Bb5 Nd4 4. Nxd4 exd4 5. O-O c6 6. Bc4 Nf6 7. Re1 Qa5 8.
e5 Nd5 9. Qf3 Be7 10. Bxd5 cxd5 11. Qg4 O-O 12. Qxd4 Bc5 13. Qf4 Re8 14. c3 Qd8
15. d4 Bb6 16. Nd2 d6 17. Nf3 dxe5 18. dxe5 Be6 19. Be3 Rc8 20. Rad1 Rc4 21.
Qxc4 dxc4 22. Rxd8 Rxd8 23. Bxb6 axb6 24. Nd4 Bd5 25. f4 h5 26. Kf2 Kh7 27. g3
Kg6 28. h4 f5 29. Nb5 Bc6 30. Nd6 b5 31. Rd1 b6 32. Rd4 Ra8 33. a3 Rb8 34. Ke3
Ra8 35. Nxc4 Kf7 36. Nxb6 Rb8 37. Nd5 Rb7 38. Nb4 Be4 39. Nd3 Rc7 40. a4 bxa4
41. Rxa4 Rd7 42. Nc5 Rd1 43. Nxe4 Re1+ 44. Kf2 1-0

[Event "Xtracon Chess Open 2016"]
[Site "Elsinore"]
[Date "2016.07.31"]
[Round "10.113"]
[White "Kizatbay, Abyl"]
[Black "Rogacewicz, Mikolaj"]
[Result "1/2-1/2"]
[WhiteElo "1961"]
[BlackElo "1551"]
[PlyCount "71"]
[EventDate "2016.07.23"]

1. e4 e6 2. d3 d5 3. Qe2 dxe4 4. dxe4 Nc6 5. c3 Nf6 6. e5 Nd5 7. Nf3 b6 8. Qc2
Bb7 9. a3 f5 10. exf6 Nxf6 11. Bc4 Nd5 12. O-O Qd7 13. Re1 O-O-O 14. Bg5 Be7
15. Bxe7 Qxe7 16. Qe4 Na5 17. Ba2 Rhe8 18. Qg4 Kb8 19. Nbd2 Nf6 20. Qxe6 Qc5
21. Qh3 g5 22. Rxe8 Rxe8 23. Nd4 g4 24. Qh6 Qe5 25. Qe3 Qxe3 26. fxe3 Rxe3 27.
Rf1 Bd5 28. Bxd5 Nxd5 29. b4 Rd3 30. bxa5 Rxd2 31. a6 Kc8 32. Nb5 Ne3 33. Re1
Nxg2 34. Nxa7+ Kd7 35. Re4 Nh4 36. Rd4+ 1/2-1/2

[Event "Xtracon Chess Open 2016"]
[Site "Elsinore"]
[Date "2016.07.31"]
[Round "10.114"]
[White "Satre, Roger"]
[Black "Rolvag, Birk Anders"]
[Result "1/2-1/2"]
[WhiteElo "1797"]
[BlackElo "1959"]
[PlyCount "35"]
[EventDate "2016.07.23"]

1. c4 e5 2. Nc3 Nc6 3. Nf3 g6 4. e3 Bg7 5. d4 d6 6. dxe5 Nxe5 7. Nxe5 Bxe5 8.
Qc2 Ne7 9. b3 Nc6 10. Bb2 O-O 11. Nd5 Be6 12. Rd1 Re8 13. Be2 Bxd5 14. cxd5 Nb4
15. Qb1 Qf6 16. Bxe5 Qxe5 17. Bf3 a5 18. O-O 1/2-1/2

[Event "Xtracon Chess Open 2016"]
[Site "Elsinore"]
[Date "2016.07.31"]
[Round "10.116"]
[White "Skjolas, Erling Dyrhaug"]
[Black "Vesterli, Michael E"]
[Result "1/2-1/2"]
[WhiteElo "1709"]
[BlackElo "2141"]
[PlyCount "68"]
[EventDate "2016.07.23"]

1. c4 Nf6 2. g3 g6 3. Bg2 Bg7 4. Nc3 O-O 5. e4 d6 6. Nge2 Nc6 7. O-O e5 8. d3
Nd7 9. Be3 Nc5 10. Qd2 Re8 11. Rae1 Ne6 12. f4 Ned4 13. Nd5 exf4 14. Ndxf4 Be6
15. b3 a5 16. Nxd4 Nxd4 17. Nd5 Bxd5 18. cxd5 Qd7 19. Qf2 c5 20. dxc6 Nxc6 21.
d4 a4 22. Kh1 axb3 23. axb3 Nb4 24. Qd2 Qb5 25. Ra1 Ra6 26. Rfc1 Rxa1 27. Rxa1
Nc6 28. Rb1 Ra8 29. Bf1 Qa5 30. b4 Qa2 31. Qxa2 Rxa2 32. Bc4 Rc2 33. Bd5 Nxd4
34. Bxd4 Bxd4 1/2-1/2

[Event "Xtracon Chess Open 2016"]
[Site "Elsinore"]
[Date "2016.07.31"]
[Round "10.117"]
[White "Kristian, Pade Frederiksen"]
[Black "Molgaard, Steen"]
[Result "0-1"]
[WhiteElo "1832"]
[BlackElo "2078"]
[PlyCount "80"]
[EventDate "2016.07.23"]

1. d4 Nf6 2. c4 e6 3. Nf3 d5 4. g3 Bb4+ 5. Bd2 Bxd2+ 6. Qxd2 O-O 7. Bg2 c6 8.
b3 Nbd7 9. Nc3 Re8 10. Rd1 b6 11. O-O Ba6 12. Rfe1 Rc8 13. Ne5 Nxe5 14. dxe5
Nd7 15. f4 Nb8 16. cxd5 cxd5 17. e4 d4 18. Ne2 d3 19. Nc1 Qd4+ 20. Kh1 Red8 21.
Bf1 Rc3 22. Ne2 dxe2 23. Qxd4 exd1=Q 24. Rxd1 Rxd4 25. Rxd4 Rc8 26. Bxa6 Nxa6
27. Ra4 Nc5 28. Rxa7 Rb8 29. Kg2 Nxe4 30. Kf3 Nc3 31. Ke3 Kf8 32. Kd3 Nd5 33.
Ra4 b5 34. Ra7 b4 35. a4 bxa3 36. Rxa3 g6 37. Kc4 Rc8+ 38. Kd3 Rc3+ 39. Kd2 Kg7
40. g4 Rh3 0-1

[Event "Xtracon Chess Open 2016"]
[Site "Elsinore"]
[Date "2016.07.31"]
[Round "10.118"]
[White "Kristensen, Kjell Ole"]
[Black "Nielsen, Henrik Wendelbo"]
[Result "1-0"]
[WhiteElo "2006"]
[BlackElo "1815"]
[PlyCount "47"]
[EventDate "2016.07.23"]

1. e4 g6 2. d4 Bg7 3. Nc3 d6 4. Be2 Nd7 5. Be3 c6 6. Qd2 Qc7 7. f4 b5 8. Nf3 b4
9. Nd1 Ngf6 10. Nf2 a5 11. g4 Bb7 12. g5 Nh5 13. Nh4 e6 14. f5 exf5 15. Bxh5
gxh5 16. Nxf5 Bf8 17. Bf4 O-O-O 18. O-O-O Re8 19. Rhe1 Rg8 20. Qe2 Nb6 21. Qxh5
h6 22. gxh6 Nc4 23. h7 Rh8 24. Rg1 1-0

[Event "Xtracon Chess Open 2016"]
[Site "Elsinore"]
[Date "2016.07.31"]
[Round "10.119"]
[White "Rose, Dennis Lauge"]
[Black "Garberg, Tore"]
[Result "1/2-1/2"]
[WhiteElo "1814"]
[BlackElo "1989"]
[PlyCount "177"]
[EventDate "2016.07.23"]

1. f4 c5 2. Nf3 Nc6 3. e3 g6 4. d4 cxd4 5. exd4 d5 6. c3 Bg4 7. Be2 Bxf3 8.
Bxf3 e6 9. Nd2 h5 10. Nb3 Nh6 11. Qe2 Nf5 12. Be3 Rc8 13. Nc1 Be7 14. O-O Bf6
15. Nd3 Qb6 16. Bf2 O-O 17. Kh1 Kh7 18. Rg1 Nce7 19. Ne5 Bg7 20. Nd7 Qc6 21.
Ne5 Qc7 22. g3 Ng8 23. Bxh5 Bxe5 24. fxe5 gxh5 25. Qxh5+ Ngh6 26. g4 Ng7 27.
Qh4 Qd8 28. Qh3 Qg5 29. Be3 Qg6 30. g5 Qe4+ 31. Rg2 Ngf5 32. Bf2 Rg8 33. gxh6
Qxg2+ 34. Qxg2 Rxg2 35. Kxg2 Kxh6 36. Kf3 Rg8 37. Rg1 Rg6 38. Rg4 Kh5 39. h3
Kh6 40. Rxg6+ fxg6 41. Kg4 Kg7 42. Kg5 Nh6 43. h4 Nf7+ 44. Kg4 Nh6+ 45. Kf4 b5
46. b3 Nf5 47. Kg5 Kf7 48. a4 bxa4 49. bxa4 a6 50. h5 gxh5 51. Kxh5 Ne7 52. Kg5
Nc6 53. Kf4 Na5 54. Ke3 Nc4+ 55. Ke2 Nb2 56. a5 Nc4 57. Kd3 Nxa5 58. Kc2 Ke7
59. Kb2 Nc4+ 60. Kb3 Kd7 61. Bh4 Kc6 62. Ka4 Kb6 63. Bd8+ Kc6 64. Kb4 Nd2 65.
Ka5 Kb7 66. Bh4 Nc4+ 67. Ka4 Kc6 68. Bd8 Kd7 69. Ba5 Ke7 70. Bc7 Kf7 71. Kb4
Kg6 72. Kc5 Kf5 73. Kc6 Kg6 74. Kd7 Kf7 75. Kc6 Ke8 76. Bb8 Kd8 77. Ba7 a5 78.
Kb5 Kc7 79. Bc5 Kb7 80. Bf8 Kc7 81. Bc5 Kd7 82. Bf8 Ke8 83. Bc5 Kf7 84. Ba7 Kg6
85. Bb8 Kf5 86. Bc7 Kg6 87. Bxa5 Kf7 88. Bb4 Ne3 89. Kc6 1/2-1/2

[Event "Xtracon Chess Open 2016"]
[Site "Elsinore"]
[Date "2016.07.31"]
[Round "10.120"]
[White "Rasmussen, Jonas H"]
[Black "Henrichsen, Jens"]
[Result "1/2-1/2"]
[WhiteElo "1805"]
[BlackElo "1984"]
[PlyCount "44"]
[EventDate "2016.07.23"]

1. d4 Nf6 2. c4 e6 3. Nf3 b6 4. e3 Bb7 5. Be2 d5 6. O-O Be7 7. Nc3 O-O 8. cxd5
Nxd5 9. Nxd5 Bxd5 10. Nd2 c5 11. dxc5 Bxc5 12. Bf3 Bxf3 13. Qxf3 Nd7 14. Nb3
Be7 15. Bd2 Bf6 16. Rab1 Ne5 17. Qe2 Qd3 18. Qxd3 Nxd3 19. Nd4 Rac8 20. Bc3
Rfd8 21. Rfd1 Nc5 22. Ne2 Bxc3 1/2-1/2

[Event "Xtracon Chess Open 2016"]
[Site "Elsinore"]
[Date "2016.07.31"]
[Round "10.121"]
[White "Frisk, Hans"]
[Black "Gula, Julian"]
[Result "1-0"]
[WhiteElo "1981"]
[BlackElo "1801"]
[PlyCount "57"]
[EventDate "2016.07.23"]

1. b3 d5 2. Bb2 c5 3. e3 e6 4. Nf3 Nf6 5. c4 Be7 6. g3 O-O 7. Bg2 Nc6 8. Nc3 b6
9. O-O Bb7 10. cxd5 exd5 11. d4 a6 12. Rc1 Rc8 13. dxc5 bxc5 14. Na4 Na5 15.
Bh3 Rc7 16. Qd2 Bc8 17. Bg2 Nb7 18. Rfd1 Be6 19. Qd3 c4 20. Qd4 Nc5 21. Nxc5
Rxc5 22. Ng5 Ra5 23. Nxe6 fxe6 24. Qe5 Qc8 25. bxc4 Rxa2 26. cxd5 Qb8 27. Qxe6+
Kh8 28. Be5 Qa7 29. Rc7 1-0

[Event "Xtracon Chess Open 2016"]
[Site "Elsinore"]
[Date "2016.07.31"]
[Round "10.122"]
[White "Oe, Oluf"]
[Black "Zakariassen, Tom"]
[Result "1-0"]
[WhiteElo "1971"]
[BlackElo "1797"]
[PlyCount "97"]
[EventDate "2016.07.23"]

1. e4 c5 2. Nf3 Nc6 3. Nc3 e6 4. Bb5 Qc7 5. O-O a6 6. Be2 Nf6 7. d3 Be7 8. Bg5
h6 9. Bh4 O-O 10. Bg3 Bd6 11. Bxd6 Qxd6 12. Qd2 Qc7 13. Rad1 d5 14. exd5 exd5
15. d4 c4 16. h3 b5 17. a3 Be6 18. Nh2 Rfb8 19. f4 Bf5 20. Nf3 Ne4 21. Nxe4
Bxe4 22. Ne5 a5 23. Bf3 Bxf3 24. Rxf3 f6 25. Ng4 Re8 26. c3 Re7 27. Re1 Rae8
28. Rxe7 Rxe7 29. Ne3 Qd7 30. f5 Re4 31. Ng4 Nd8 32. Nf2 Re7 33. Re3 Qe8 34.
Ng4 Nf7 35. Rxe7 Qxe7 36. Qe3 Kf8 37. Qf3 Qe1+ 38. Kh2 Qe4 39. Qxe4 dxe4 40.
Kg3 Nd6 41. Kf4 g5+ 42. fxg6 Kg7 43. Nf2 f5 44. g4 e3 45. Kxe3 Kxg6 46. Kf4 h5
47. gxh5+ Kxh5 48. Ke5 Nf7+ 49. Kxf5 1-0

[Event "Xtracon Chess Open 2016"]
[Site "Elsinore"]
[Date "2016.07.31"]
[Round "10.123"]
[White "Bering, Anders"]
[Black "Nielsen, Palle"]
[Result "1-0"]
[WhiteElo "1967"]
[BlackElo "1778"]
[PlyCount "61"]
[EventDate "2016.07.23"]

1. d4 Nf6 2. c4 e6 3. Nf3 b6 4. g3 Bb7 5. Bg2 Na6 6. Nc3 Bb4 7. O-O O-O 8. a3
Bxc3 9. bxc3 c5 10. Re1 Rc8 11. Bg5 h6 12. Bxf6 Qxf6 13. Qd3 Qe7 14. e4 d6 15.
e5 Rfd8 16. d5 Nc7 17. dxe6 Nxe6 18. Nh4 dxe5 19. Nf5 Qf6 20. Qc2 Bxg2 21. Kxg2
Nf8 22. f4 Ng6 23. fxe5 Nxe5 24. Qe4 Ng6 25. Re3 Rd2+ 26. Kh3 Qg5 27. Rae1 Qh5+
28. Nh4 Rcd8 29. Qb1 Kf8 30. Qe4 Nxh4 31. Qe8+ 1-0

[Event "Xtracon Chess Open 2016"]
[Site "Elsinore"]
[Date "2016.07.31"]
[Round "10.124"]
[White "Thomsen, Kim R"]
[Black "Kalveus, Jan"]
[Result "0-1"]
[WhiteElo "1966"]
[BlackElo "1773"]
[PlyCount "66"]
[EventDate "2016.07.23"]

1. d4 Nf6 2. c4 e6 3. Nf3 Bb4+ 4. Bd2 Be7 5. Nc3 d5 6. Rc1 Nbd7 7. e3 O-O 8.
Qc2 c6 9. c5 Qc7 10. b4 e5 11. dxe5 Nxe5 12. Nxe5 Qxe5 13. Ne2 Ne4 14. Ng3 f5
15. f4 Qe6 16. Nxe4 fxe4 17. Be2 Qg6 18. g3 h5 19. Qd1 Bg4 20. Bxg4 hxg4 21.
Kf2 Bf6 22. Bc3 Bxc3 23. Rxc3 Qf6 24. Rc2 Rfd8 25. Rd2 Qe6 26. h4 gxh3 27. Qh5
d4 28. Rhd1 Rd5 29. Qh4 Rad8 30. Rxd4 Rxd4 31. exd4 Qxa2+ 32. Ke1 Re8 33. Qxh3
e3 0-1

[Event "Xtracon Chess Open 2016"]
[Site "Elsinore"]
[Date "2016.07.31"]
[Round "10.125"]
[White "Rendlev, Niels Moller"]
[Black "Steenstrup, Svend"]
[Result "0-1"]
[WhiteElo "1771"]
[BlackElo "1951"]
[PlyCount "34"]
[EventDate "2016.07.23"]

1. g3 Nf6 2. f4 h5 3. h3 Ne4 4. h4 Nxg3 5. Bg2 Nxh1 6. Bxh1 d5 7. Nf3 Bg4 8. d4
Bxf3 9. Bxf3 e6 10. Qd3 Qxh4+ 11. Kd1 Nc6 12. Bd2 Bd6 13. e3 Qf2 14. Be2 h4 15.
c4 h3 16. Be1 Qg2 17. Bf1 Qg4+ 0-1

[Event "Xtracon Chess Open 2016"]
[Site "Elsinore"]
[Date "2016.07.31"]
[Round "10.126"]
[White "Hjornevik, Knut J"]
[Black "Andersen, Claus"]
[Result "1/2-1/2"]
[WhiteElo "1945"]
[BlackElo "1766"]
[PlyCount "58"]
[EventDate "2016.07.23"]

1. d4 g6 2. c4 Bg7 3. Nc3 Nf6 4. e4 d6 5. Bg5 Nbd7 6. Qd2 c5 7. d5 O-O 8. h3 a6
9. Nf3 Re8 10. Be2 Rb8 11. a4 b6 12. O-O e5 13. dxe6 Rxe6 14. Bf4 Nxe4 15. Nxe4
Rxe4 16. Bxd6 Rb7 17. Bg3 Qe8 18. Bd3 Re6 19. Ng5 Bh6 20. Bf4 Bxg5 21. Bxg5 Ne5
22. f4 Nxd3 23. Qxd3 Rd7 24. Qg3 f6 25. Bh6 Bb7 26. f5 Re2 27. Rf2 Rxf2 28.
Kxf2 Re7 29. Be3 Re5 1/2-1/2

[Event "Xtracon Chess Open 2016"]
[Site "Elsinore"]
[Date "2016.07.31"]
[Round "10.127"]
[White "Bennett, Owen"]
[Black "Choong, Liong-On Mark"]
[Result "0-1"]
[WhiteElo "1741"]
[BlackElo "1944"]
[PlyCount "80"]
[EventDate "2016.07.23"]

1. d4 Nf6 2. c4 g6 3. g3 Bg7 4. Bg2 d6 5. Nf3 Nbd7 6. Nc3 c6 7. O-O Rb8 8. a4
O-O 9. e4 Qa5 10. Bd2 Qc7 11. Qc2 e5 12. dxe5 dxe5 13. h3 a5 14. Rac1 Nc5 15.
Be3 Nfd7 16. Ne1 Ne6 17. Nd3 Nd4 18. Bxd4 exd4 19. Ne2 b6 20. Rce1 Ba6 21. f4
Nc5 22. b3 Rbd8 23. Nxc5 bxc5 24. Nc1 Rfe8 25. Nd3 Bf8 26. g4 Bc8 27. f5 Bh6
28. Nxc5 Be3+ 29. Kh1 g5 30. f6 Qg3 31. Nd3 Bxg4 32. Rxe3 dxe3 33. hxg4 e2 34.
Qxe2 Rxd3 35. Rf3 Rxf3 36. Qxf3 Qxf3 37. Bxf3 Re6 38. e5 c5 39. Kg2 Rxe5 40.
Bd5 Re3 0-1

[Event "Xtracon Chess Open 2016"]
[Site "Elsinore"]
[Date "2016.07.31"]
[Round "10.129"]
[White "Mansoor, Afras"]
[Black "Linderod, Lars Erik"]
[Result "1-0"]
[WhiteElo "1719"]
[BlackElo "1935"]
[PlyCount "45"]
[EventDate "2016.07.23"]

1. d4 g6 2. e4 d6 3. Nc3 Nf6 4. f3 Bg7 5. Be3 c6 6. Qd2 Qa5 7. g4 h5 8. g5 Nfd7
9. f4 c5 10. O-O-O Nc6 11. Nf3 cxd4 12. Nxd4 Nc5 13. f5 Bd7 14. f6 Bf8 15. Ndb5
Bg4 16. fxe7 Bxe7 17. Nxd6+ Bxd6 18. Qxd6 Bxd1 19. Nd5 f6 20. Nc7+ Kf7 21. Bc4+
Kg7 22. Qxf6+ Kh7 23. Qf7# 1-0

[Event "Xtracon Chess Open 2016"]
[Site "Elsinore"]
[Date "2016.07.31"]
[Round "10.130"]
[White "Stam, Bart"]
[Black "Brokso, Kim"]
[Result "0-1"]
[WhiteElo "1929"]
[BlackElo "1713"]
[PlyCount "64"]
[EventDate "2016.07.23"]

1. e4 c5 2. Nf3 Nc6 3. Bb5 g6 4. c3 Bg7 5. O-O a6 6. Ba4 b5 7. Bc2 Qb6 8. d3 e6
9. Be3 Nge7 10. d4 cxd4 11. cxd4 d5 12. e5 O-O 13. Nbd2 Na5 14. Rc1 Bd7 15. Bg5
Nec6 16. Nb3 Nxb3 17. Bxb3 Rac8 18. Qd2 Rc7 19. Qf4 Rfc8 20. Rc3 b4 21. Re3 Nb8
22. Bf6 Bb5 23. Rfe1 Nd7 24. Bxg7 Kxg7 25. Ng5 Nf8 26. Rh3 Qc6 27. Nxh7 Qc1 28.
Qf6+ Kg8 29. Bd1 Qd2 30. Rhe3 Nxh7 31. Qh4 Rc1 32. Qg4 R8c4 0-1

[Event "Xtracon Chess Open 2016"]
[Site "Elsinore"]
[Date "2016.07.31"]
[Round "10.131"]
[White "Bennett, Rhys"]
[Black "Bosselmann, Tom Linus"]
[Result "1-0"]
[WhiteElo "1711"]
[BlackElo "1928"]
[PlyCount "43"]
[EventDate "2016.07.23"]

1. e4 e5 2. Nf3 Nc6 3. d4 exd4 4. Nxd4 Nf6 5. Nxc6 bxc6 6. e5 Qe7 7. Qe2 Nd5 8.
c4 Ba6 9. Nd2 g6 10. b3 Bg7 11. Bb2 O-O 12. O-O-O Rfe8 13. Nf3 Nb6 14. Qc2 Rab8
15. Bd3 Bb7 16. h4 a5 17. h5 Ba6 18. hxg6 fxg6 19. Bxg6 hxg6 20. Qxg6 Nxc4 21.
Ng5 Nxb2 22. Rh8+ 1-0

[Event "Xtracon Chess Open 2016"]
[Site "Elsinore"]
[Date "2016.07.31"]
[Round "10.132"]
[White "Jarlnaes, Erik"]
[Black "Petersen, Rasmus"]
[Result "0-1"]
[WhiteElo "1928"]
[BlackElo "1730"]
[PlyCount "76"]
[EventDate "2016.07.23"]

1. e4 d5 2. exd5 Qxd5 3. Nc3 Qa5 4. d4 Nf6 5. Nf3 Bf5 6. Bd3 Bxd3 7. Qxd3 c6 8.
O-O e6 9. Bd2 Nbd7 10. a3 Be7 11. b4 Qc7 12. g3 O-O 13. Bf4 Bd6 14. Bxd6 Qxd6
15. Rfe1 Rad8 16. Rad1 Rfe8 17. b5 c5 18. Ne4 Nxe4 19. Qxe4 Qc7 20. dxc5 Nxc5
21. Qe3 Rd6 22. Rxd6 Qxd6 23. Re2 Qe7 24. Rd2 f6 25. Qd4 b6 26. Nh4 Kf7 27. Kf1
Qb7 28. Ng2 Qe4 29. Qxe4 Nxe4 30. Rd3 Ke7 31. Rd4 Nc5 32. Ke2 Rd8 33. Rxd8 Kxd8
34. f3 Kd7 35. Nf4 g6 36. Kd2 Kd6 37. h4 e5 38. c4 exf4 0-1